Law and land reforms act in Bangladesh / (Record no. 2487)

MARC details
000 -LEADER
fixed length control field 00719nam a2200193 a 4500
003 - CONTROL NUMBER IDENTIFIER
control field BD-DhJNU
005 - DATE AND TIME OF LATEST TRANSACTION
control field 20260104061009.0
008 - FIXED-LENGTH DATA ELEMENTS--GENERAL INFORMATION
fixed length control field 251001s2013 ii a b 001 0 eng
040 ## - CATALOGING SOURCE
Original cataloging agency BD-DhJNU
Language of cataloging ENG
Transcribing agency BD-DhJNU
Modifying agency BD-DhJNU
082 00 - DEWEY DECIMAL CLASSIFICATION NUMBER
Classification number 346.5492 LAW
Edition number 23
245 10 - TITLE STATEMENT
Title Law and land reforms act in Bangladesh /
Statement of responsibility, etc. Law and Parliamentary Affairs Division (Corporate Author)
260 ## - PUBLICATION, DISTRIBUTION, ETC.
Place of publication, distribution, etc. Dhaka :
Name of publisher, distributor, etc. The Deputy Controller, Government Printing Press,
Date of publication, distribution, etc. 1860.
300 ## - PHYSICAL DESCRIPTION
Extent Various pages. :
Other physical details ill. ;
Dimensions 22 cm.
504 ## - BIBLIOGRAPHY, ETC. NOTE
Bibliography, etc. note Includes bibliographical references and index.
650 #0 - SUBJECT ADDED ENTRY--TOPICAL TERM
Topical term or geographic name entry element Land reform law
650 #0 - SUBJECT ADDED ENTRY--TOPICAL TERM
Topical term or geographic name entry element Property rights in Bangladesh
700 1# - ADDED ENTRY--PERSONAL NAME
Personal name Law and Parliamentary Affairs Division
Relator term Corporate Author
942 ## - ADDED ENTRY ELEMENTS (KOHA)
Koha item type Books
Holdings
Withdrawn status Lost status Source of classification or shelving scheme Damaged status Not for loan Collection Home library Current library Shelving location Date acquired Source of acquisition Total checkouts Full call number Barcode Date last seen Copy number Price effective from Koha item type
    Dewey Decimal Classification     Non-fiction Jagannath University Central Library Jagannath University Central Library General stacks 01/04/2026 Purchased   346.5492 LAW JNUCL36472 01/04/2026 1 01/04/2026 Books
    Dewey Decimal Classification     Non-fiction Jagannath University Central Library Jagannath University Central Library General stacks 01/04/2026 Purchased   346.5492 LAW JNUCL36473 01/04/2026 2 01/04/2026 Books
    Dewey Decimal Classification     Non-fiction Jagannath University Central Library Jagannath University Central Library General stacks 01/04/2026 Purchased   346.5492 LAW JNUCL36474 01/04/2026 3 01/04/2026 Books
    Dewey Decimal Classification     Non-fiction Jagannath University Central Library Jagannath University Central Library General stacks 01/04/2026 Purchased   346.5492 LAW JNUCL36475 01/04/2026 4 01/04/2026 Books
    Dewey Decimal Classification     Non-fiction Jagannath University Central Library Jagannath University Central Library General stacks 01/04/2026 Purchased   346.5492 LAW JNUCL36476 01/04/2026 5 01/04/2026 Books
    Dewey Decimal Classification     Non-fiction Jagannath University Central Library Jagannath University Central Library General stacks 01/04/2026 Purchased   346.5492 LAW JNUCL36477 01/04/2026 6 01/04/2026 Books
    Dewey Decimal Classification     Non-fiction Jagannath University Central Library Jagannath University Central Library General stacks 01/04/2026 Purchased   346.5492 LAW JNUCL36478 01/04/2026 7 01/04/2026 Books
    Dewey Decimal Classification     Non-fiction Jagannath University Central Library Jagannath University Central Library General stacks 01/04/2026 Purchased   346.5492 LAW JNUCL36479 01/04/2026 8 01/04/2026 Books
    Dewey Decimal Classification     Non-fiction Jagannath University Central Library Jagannath University Central Library General stacks 01/04/2026 Purchased   346.5492 LAW JNUCL36480 01/04/2026 9 01/04/2026 Books
    Dewey Decimal Classification     Non-fiction Jagannath University Central Library Jagannath University Central Library General stacks 01/04/2026 Purchased   346.5492 LAW JNUCL36481 01/04/2026 10 01/04/2026 Books